000 00296nam a22001337a 4500
008 170216b xxu||||| |||| 00| 0 eng d
020 _a9780071477437
041 _aeng
080 _217TH
_a61
100 _a4
101 _aSHM
245 _aHARRISON'S MANUAL OF MEDICINE
_cFAUCI
942 _2udc
_cBK
999 _c5634
_d5634